A1 Autostrada Bursztynowa (mapa) - Nagła śmierć - Statystyki

Ogólne statystyki
  • Ten quiz został rozwiązany 889 razy
  • Średni wynik to 4 z 15
Answers on the Grid
Answers color-coded by a green-red scale on the quiz's grid according to % correct below.
(1,1)
(1,2)
(1,3)
(1,4)
(1,5)
(1,6)
(1,7)
(1,8)
(1,9)
(1,10)
(1,11)
(1,12)
(1,13)
(1,14)
(2,1)
(2,2)
(2,3)
(2,4)
(2,5)
(2,6)
(2,7)
(2,8)
(2,9)
(2,10)
(2,11)
(2,12)
(2,13)
(2,14)
(3,1)
(3,2)
(3,3)
(3,4)
(3,5)
(3,6)
(3,7)
(3,8)
(3,9)
(3,10)
(3,11)
(3,12)
(3,13)
(3,14)
(4,1)
(4,2)
(4,3)
(4,4)
(4,5)
(4,6)
(4,7)
(4,8)
(4,9)
(4,10)
(4,11)
(4,12)
(4,13)
(4,14)
(5,1)
(5,2)
(5,3)
(5,4)
(5,5)
(5,6)
(5,7)
(5,8)
(5,9)
(5,10)
(5,11)
(5,12)
(5,13)
(5,14)
(6,1)
(6,2)
(6,3)
(6,4)
(6,5)
(6,6)
(6,7)
(6,8)
(6,9)
(6,10)
(6,11)
(6,12)
(6,13)
(6,14)
(7,1)
(7,2)
(7,3)
(7,4)
(7,5)
(7,6)
(7,7)
(7,8)
(7,9)
(7,10)
(7,11)
(7,12)
(7,13)
(7,14)
(8,1)
(8,2)
(8,3)
(8,4)
(8,5)
(8,6)
(8,7)
(8,8)
(8,9)
(8,10)
(8,11)
(8,12)
(8,13)
(8,14)
(9,1)
(9,2)
(9,3)
(9,4)
(9,5)
(9,6)
(9,7)
(9,8)
(9,9)
(9,10)
(9,11)
(9,12)
(9,13)
(9,14)
(10,1)
(10,2)
(10,3)
(10,4)
(10,5)
(10,6)
(10,7)
(10,8)
(10,9)
(10,10)
(10,11)
(10,12)
(10,13)
(10,14)
(11,1)
(11,2)
(11,3)
(11,4)
(11,5)
(11,6)
(11,7)
(11,8)
(11,9)
(11,10)
(11,11)
(11,12)
(11,13)
(11,14)
(12,1)
(12,2)
(12,3)
(12,4)
(12,5)
(12,6)
(12,7)
(12,8)
(12,9)
(12,10)
(12,11)
(12,12)
(12,13)
(12,14)
(13,1)
(13,2)
(13,3)
(13,4)
(13,5)
(13,6)
(13,7)
(13,8)
(13,9)
(13,10)
(13,11)
(13,12)
(13,13)
(13,14)
(14,1)
(14,2)
(14,3)
(14,4)
(14,5)
(14,6)
(14,7)
(14,8)
(14,9)
(14,10)
(14,11)
(14,12)
(14,13)
(14,14)
 
Statystyki odpowiedzi
Odpowiedź % Poprawnych
(4,7)
73%
(5,7)
73%
(6,7)
65%
(7,7)
55%
(8,8)
21%
(7,8)
14%
(12,7)
11%
(10,8)
9%
(11,8)
8%
(12,8)
8%
(13,7)
8%
(9,9)
6%
(10,9)
4%
(13,6)
4%
(8,9)
4%
Nie znaleziono quizów pasujących do podanych kryteriów
Rozkład punktacji
Procent ludzi z każdym wynikiem
Percentyl według liczby udzielonych odpowiedzi
Twoja historia wyników
Nie rozwiązałeś tego quizu